Sentimientos espirituales de la venerable madre Francisca Josefa de la Concepción del Castillo, religiosa del Convento de Santa Clara de la ciudad de Tunja en la República Neo-Granadina del Sur-América (Registro nro. 86948)

Detalles MARC
000 -ENCABEZADO
Número de control [NR] 01074nam a22002297a 4500
005 - FECHA Y HORA DE LA ÚLTIMA TRANSACCIÓN
control field 20240412072857.0
008 - DE LONGITUD FIJA DE DATOS DE ELEMENTOS - INFORMACIÓN GENERAL
Elementos de longitud fija [NR] 130821s1843 ck gr spa
040 ## - FUENTE DE CATALOGACION [NR]
Agencia de catalogación original [NR] Co-BoUCM
Idioma de catalogación [NR] spa
Quien Cataloga David Moreno (modificó)
Quien Clasifica David Moreno (modificó)
041 00 - CODIGO DE IDIOMA [R]
Código de idioma para texto/pista de sonido o título separado [R] Español
100 1# - ASIENTO PRINCIPAL--NOMBRE PERSONAL [NR]
Nombre personal [NR] Castillo, Francisca Josefa de la Concepción de
ID Autoridad 77397
Fechas asociadas con el nombre [NR] 1671-1742.
245 10 - MENCION DE TITULO [NR]
Título [NR] Sentimientos espirituales de la venerable madre Francisca Josefa de la Concepción del Castillo, religiosa del Convento de Santa Clara de la ciudad de Tunja en la República Neo-Granadina del Sur-América
Parte restante del título [NR] escritos por ella misma de orden de sus confesores
Mención de responsabilidad, etc. [NR] Francisca Josefa del Castillo y Guevara
260 ## - PUBLICACION, DISTRIBUCION, ETC. (PIE DE IMPRENTA) [R]
Lugar de publicación, distribución, etc. [R] Bogotá
Nombre del editor, distribuidor, etc. [R] Imprenta de Bruno Espinosa
Fecha de publicación, distribución, etc. [R] 1843
300 ## - DESCRIPCION FISICA [R]
Extensión [R] xviii, 276, [8] Paginas
500 ## - NOTA GENERAL [R]
Nota general [NR] Incluye índice
504 ## - NOTA DE BIBLIOGRAFIA, ETC. [R]
Nota de bibliografía, etc. [NR] Incluye referencias bibliográficas
650 14 - ASIENTO SECUNDARIO DE MATERIA - TERMINO TEMATICO [R]
Término temático o nombre geográfico como elemento de entrada [NR] Vida cristiana
9 (RLIN) 26223
650 14 - ASIENTO SECUNDARIO DE MATERIA - TERMINO TEMATICO [R]
Término temático o nombre geográfico como elemento de entrada [NR] Vida espiritual
9 (RLIN) 26229
650 14 - ASIENTO SECUNDARIO DE MATERIA - TERMINO TEMATICO [R]
Término temático o nombre geográfico como elemento de entrada [NR] Vida religiosa
9 (RLIN) 26235
650 14 - ASIENTO SECUNDARIO DE MATERIA - TERMINO TEMATICO [R]
Término temático o nombre geográfico como elemento de entrada [NR] Iglesia católica
9 (RLIN) 78083
942 ## - ELEMENTOS DE ENTRADA AGREGADOS (KOHA)
Tipo de ítem principal el descrito en 300a Libro
Tema principal Religión
Edición 1
Parte restante de la signatura top. S35
Título oculto en OPAC No
Sistema de clasificación DEWEY
Clasificación 248.4
Existencias
Fecha de último préstamo Total préstamos Signatura topográfica Código de barras Última vez visto Ejemplar Costo de reposición Price effective from Tipo de ítem Nota pública (OPAC) Perdido Sistema de clasificación Dañado No prestable Tipo de ítem específico Suprimido Ubicación habitual Ubicación actual Localización Fecha de creación Forma de adquisición
04/06/2016 1 248.4 S35 120002733 04/12/2025 Ej.1 26000.00 03/02/2013 Libro Galería de donantes - José Vicente Castro Silva   DEWEY     Libro   Claustro Claustro 3er piso 28/02/2003 Donación